00945pam a2200265 a 45000010005000000030006000050050017000110080041000280100017000690400023000860500014001090820012001231000030001352450065001652600035002303000059002655000023003245050007003475200127003545210028004815210018005096500048005276500051005756500053006266416FISKH20250602120640.0940511s1995 nyua j 000 0 eng  a 94018390  aDLCcDLCdDLCbeng aGN62 .I57 a599.9481 aIntrater, Roberta Grobel.10aTwo eyes, a nose, and a mouth /cby Roberta Grobel Intrater. aNew York :bScholastic,c1995. a32 unnumbered pages : bcolor illustrations ; c26 cm  a"Cartwheel Books." aG  aA visual smorgasbord of multicultural faces and expressions. The text serves to guide viewers to the diversity in humans. 8 a300 bLexile estimate 8 aG bRaz-Plus  0aPhysical anthropologyvJuvenile literature. 0aHuman anatomyxVariationvJuvenile literature. 0aHuman bodyxSocial aspectsvJuvenile literature.